| 000 | 01039nam a2200265Ia 4500 | ||
|---|---|---|---|
| 003 | OSt | ||
| 005 | 20220923224314.0 | ||
| 006 | a|||||r|||| 00| 0 | ||
| 007 | ta | ||
| 008 | 220922b |||||||| |||| 00| 0 urd d | ||
| 024 | _a230,870 | ||
| 037 | _cTextual | ||
| 040 |
_aARTS _cARTS _burd |
||
| 041 |
_2urd _aurd |
||
| 082 | _aO168,6M57w, 152N0 | ||
| 100 |
_aसिद्दीक़ी, जफ़र अहमद, ृृ; शर्मा, जानकी प्रसाद, अनु. _9167896 |
||
| 245 | 0 | _aशिबली | |
| 246 | _aShibalī | ||
| 260 |
_aनई दिल्ली _b साहित्य अकादमी _c1990 |
||
| 300 |
_a60पृ0 _ccm. |
||
| 490 | _aभारतीय साहित्य के निर्माता | ||
| 650 | _aउर्दू साहित्य | ||
| 942 |
_hO168,6M57w, 152N0 _cTEXL _2CC |
||
| 999 |
_c370529 _d370529 |
||